Makātīb-i Aḥmad Saʻīd. (Record no. 83588)

MARC details
000 -LEADER
fixed length control field 00549cam a22002171 4500
001 - CONTROL NUMBER
control field sa 68010845
003 - CONTROL NUMBER IDENTIFIER
control field DLC
005 - DATE AND TIME OF LATEST TRANSACTION
control field 20260227112556.0
008 - FIXED-LENGTH DATA ELEMENTS--GENERAL INFORMATION
fixed length control field 890503s1968 ii c 000 0 urdr
010 ## - LIBRARY OF CONGRESS CONTROL NUMBER
LC control number sa 68010845
035 ## - SYSTEM CONTROL NUMBER
System control number (OCoLC)19650253
040 ## - CATALOGING SOURCE
Original cataloging agency DLC
Transcribing agency WaU
Modifying agency DLC
042 ## - AUTHENTICATION CODE
Authentication code premarc
050 00 - LIBRARY OF CONGRESS CALL NUMBER
Classification number BP80.A512
Item number A4 1968
100 0# - MAIN ENTRY--PERSONAL NAME
Personal name Ahmad Said,
Dates associated with a name 1887-1959.
245 10 - TITLE STATEMENT
Title Makātīb-i Aḥmad Saʻīd.
260 ## - PUBLICATION, DISTRIBUTION, ETC.
Date of publication, distribution, etc. [1968?]
300 ## - PHYSICAL DESCRIPTION
Extent 152 p.
Other physical details port.
Dimensions 19 cm.
500 ## - GENERAL NOTE
General note In Urdu.
700 2# - ADDED ENTRY--PERSONAL NAME
Personal name Z̤amīr Ḥasan, Sayyid,
Dates associated with a name 1940-

No items available.

Powered by Koha